Histoire du drapeau du Venezuela - Statistiques

Statistiques générales
  • Ce quiz a été pris 11 fois
  • Le résultat moyen est 4 sur 13
Statistiques - réponses
Hint Réponse % Correct
Troisième drapeau de la Grande Colombie (1821-1830)
75%
Deuxième drapeau du Venezuela (drapeau actuel depuis 2006)
50%
Deuxième drapeau des États-Unis du Venezuela (1905-1930)
50%
Premier drapeau de la Nouvelle-Grenade (1522-1810, 1812-1813 et 1814-1817)
38%
Premier drapeau de la troisième république du Venezuela (1817) et premier drapeau
25%
Deuxième république du Venezuela (1813-1814)
25%
Deuxième drapeau de la troisième république du Venezuela (1817-1819)
25%
État du Venezuela (1830-1864)
25%
Troisième drapeau des États-Unis du Venezuela (1930-1953) et premier drapeau du Venezuela (1953-2006)
25%
Premier drapeau des États-Unis du Venezuela (1864-1905)
13%
Premier drapeau de la Grande Colombie (1819-1820)
13%
Première république du Venezuela (1810-1812)
13%
Deuxième drapeau de la Grande Colombie (1820-1821)
0%
Aucun quiz correspondant
Distribution des résultats
% des personnes avec chaque résultat
Percentile par nombre de réponses
Votre historique - résultats
Vous n’avez pas pris ce quiz